00875pam a2200241 a 4500020001500000020002200015040000800037082002600045245007700071260004200148300002600190490002600216650001900242650001500261650001400276650001700290700002300307856006600330856006600396942000700462999001700469952014700486 a0803950047 a0803950055 (pbk.) cDLC00a305 SAG 1993 A089 Or.02aA History of race relations research :bfirst-generation recollections / aNewbury Park, Calif. :bSage,cc1993. axxv, 286 p. ;c23 cm.0 aSage focus editions ; 0aRace relations 0aMinorities 0aSociology 0aSociologists1 aStanfield, John H.42uhttp://www.loc.gov/catdir/enhancements/fy0655/93017609-d.html41uhttp://www.loc.gov/catdir/enhancements/fy0655/93017609-t.html cEK c16231d16231 0010406305_000000000000000_SAG_1993_A089_OR70970289aLBAbLBAcA089d2018-01-24o305 SAG 1993 A089 Or.pA23585r2018-01-24w2018-01-24yEK